000 01447nam a2200409 4500
999 _c23513
_d23513
001 vtls012153066
005 20221109101557.0
008 221027s2022 xo gr 010 fdslo c
020 _a9788055184739
_q(viazané)
040 _aGAGK
_bslo
_cGAGK
_erda
041 1 _aslo
_heng
044 _axo
_cSK
072 7 _a821.111(73)-3
_xAmerická próza
_2konspekt
080 _a75.071.1
_22011
080 _a75.034.3/.6
_22011
080 _a821.111(73)-31
_22011
080 _a(0:82-311.6)
_22011
100 1 _aStorey, Stephanie
_4aut
_93765
240 1 0 _aOil in Marble
_lSlovensky
245 1 0 _aOlej a mramor
_cStephanie Storeyová ; z anglického originálu Oil in Marble ... preložil Milan Kopecký
250 _aDruhé vydanie
264 1 _aBratislava
_bIkar
_c2022
300 _a342 strán
_c24 cm
336 _atext
_btxt
_2rdacontent
337 _abez média
_bn
_2rdamedia
338 _azväzok
_bnc
_2rdacarrier
500 _aPreložené z angličtiny
500 _aObsahuje stručné biografické údaje o autorke na záložke prebalu publikácie
600 0 7 _aMichelangelo Buonarroti,
_d1475-1564
_2SNKMA
_93766
600 0 7 _aLeonardo da Vinci,
_d1452-1519
_2SNKMA
_93767
650 0 7 _amaliari
_2SNKPH
_93768
650 0 7 _arenesančné maliarstvo
_2SNKPH
_93769
651 7 _aTaliansko
_2SNKPHgeo
_92281
655 7 _aamerické romány
_2SNKPH
_92
655 7 _ahistorické romány
_2SNKPH
_91688
700 1 _aKopecký, Milan
_4trl
_91788